000 00710nam a2200241 a 4500
001 00003102
008 110328s1995 a g 000 0 eng d
020 _a1857583388 :
_cPound9.95
040 _aBD-DhIUB
_cBD-DhIUB
082 0 4 _a510
_219
100 1 _aGraham, Duncan
245 0 0 _aA-level mathematics /
_cDuncan Graham, Christine Graham, Allan Whitcombe
250 _a1st ed.
260 _aLondon :
_bLtts Educational,
_c1995.
300 _axxix, 266 p. :
_bill. ;
_c30 cm.
520 0 _aMathematics and Statistics
556 _a1997-04-12
650 1 7 _aMathematics
_2Spines
700 1 _aGraham, Christine
700 1 _aWhitcombe, Allan
999 _c11312
_d11312
526 _bmath